| 000 | 00552nam a2200169 i 4500 | ||
|---|---|---|---|
| 001 | 101639 | ||
| 003 | ES-MaACL | ||
| 005 | 20230906182940.0 | ||
| 007 | t| | ||
| 008 | 051021s1968 sp ||||1| spa d | ||
| 100 | 1 |
_aMeisel, Jerome. _979854 |
|
| 245 | 1 | 0 |
_aPrincipios de conversión de energía electromecánica / _cJerome Meisel; traducción y adaptación Carlos Navarro Garrido. |
| 260 |
_aMadrid : _bCastillo, _c1968. |
||
| 300 |
_a647 p. : _bil. ; _c23 cm. |
||
| 700 | 1 |
_aNavarro Garrido, Carlos. _985128 |
|
| 852 |
_aES-MaACL _jC-36186 _bR.69240 |
||
| 999 |
_c101639 _d101639 |
||